000 00955nam a22003017a 4500
001 BR0604335
003 BR-BrBNA
005 20230928102301.0
007 ta
008 230509b bl.||||| |||| 00| 0 por d
040 _aBR-BrBNA
_bpor
_cBiblioteca Nacional de Agricultura
041 _a(Por)
072 _aM12; L73
_b8134
_b4110
090 _ 8134 BR0604335
100 1 _aDal Pupo, H.D.
110 1 _aUniversidade Federal de Lavras, MG (Brasil)
_0Tese (Mestrado)
245 1 _aDiversidade da microbiota gram-negativa em sistemas de cultivo de tilápia-do-Nilo (Oreochromis niloticus)
260 3 _aLavras, MG (Brasil):
_c2006.
300 _a42 p.
500 _aSummaries (Eng, Por); Bibliography p. 35-42; 7 tables
650 _aTILÁPIA NILÓTICA
650 _aBACTÉRIA
650 _aANTIBIÓTICO
650 _aRESISTÊNCIA A PRODUTOS QUÍMICOS
650 _aSISTEMA DE CULTIVO
909 _a202309
_bLucia
_c55
_dLucia Elande
942 _cBK
999 _c70001
_d70001